Bosnian Football Players in England & Scotland - Statistics

General Stats
  • This quiz has been taken 56 times
    12 since last reset
  • The average score is 22 of 36
Answer Stats
Country Club Years played Player % Correct
England Nottingham Forest 2016–2019 Anel Ahmedhodžić
100%
England Sheffield United 2022–2025 Anel Ahmedhodžić
100%
England Hull City 2025– Amir Hadžiahmetović
80%
England Portsmouth 2005–2010 Asmir Begović
80%
England Macclesfield Town 2006 Asmir Begović
80%
England Bournemouth 2007 | 2017–2021 Asmir Begović
80%
England Yeovil Town 2008 Asmir Begović
80%
England Ipswich Town 2009 Asmir Begović
80%
England Stoke City 2010–2015 Asmir Begović
80%
England Chelsea 2015–2017 Asmir Begović
80%
England Everton 2021–2023 | 2024–2025 Asmir Begović
80%
England Queens Park Rangers 2023–2024 Asmir Begović
80%
England Leicester City 2025– Asmir Begović
80%
England Manchester City 2011–2016 Edin Džeko
80%
England Norwich City 2017–2021 Mario Vrančić
80%
England Stoke City 2021–2022 Mario Vrančić
80%
England Everton 2014–2021 Muhamed Bešić
80%
England Middlesbrough 2018–2019 Muhamed Bešić
80%
England Sheffield United 2019–2020 Muhamed Bešić
80%
England Arsenal 2017–2022 Sead Kolašinac
80%
England Birmingham City 2019–2024 Ivan Šunjić
60%
England Coventry City 1999–2004 Muhamed Konjić
60%
England Derby County 2004–2006 Muhamed Konjić
60%
England Plymouth Argyle 2025 Nikola Katić
60%
Scotland Rangers 2018–2022 Nikola Katić
60%
England Bristol City 2017–2018 Milan Đurić
40%
Scotland Rangers 2006–2012 Saša Papac
40%
England Norwich City 2025– Vladan Kovačević
40%
England Stoke City 2019–2020 Adnan Kanurić
20%
England Grantham Town 2019–2020 Adnan Kanurić
20%
England Oxford City 2023 Adnan Kanurić
20%
England Shrewsbury Town 2014 Bahrudin Atajić
20%
Scotland Celtic 2013–2014 Bahrudin Atajić
20%
Scotland Heart of Midlothian 1989 Husref Musemić
20%
Scotland Heart of Midlothian 2006–2008 Mirsad Bešlija
20%
Scotland St Johnstone 2013–2014 Sanel Jahić
20%
No matching quizzes found
Score Distribution
Percent of People with Each Score
Percentile by Number Answered
Your Score History
You have not taken this quiz since the last reset